000 00354nam a2200145Ia 4500
008 230711s9999||||xx |||||||||||||| ||und||
041 _aENG
082 _a624
_bPO-B
100 _aPonnuswamy,S
245 0 _aBridge engineering
250 _a2nd
260 _c1989
_aNew York
_bTata McGraw Hill Education Limited
650 _aCivil Engineering
942 _cBK
999 _c660
_d660